<?xml version="1.0" encoding="UTF-8"?>
<collection xmlns="http://www.loc.gov/MARC21/slim">
 <record>
  <leader>01961pam a22002658a 4500</leader>
  <controlfield tag="001">00025619</controlfield>
  <controlfield tag="005">20171026081023.0</controlfield>
  <controlfield tag="008">110810s2003                  ||||||Viesd</controlfield>
  <datafield tag="041" ind1="0" ind2="#">
   <subfield code="a">Vie</subfield>
  </datafield>
  <datafield tag="082" ind1="1" ind2="4">
   <subfield code="a">959.701</subfield>
   <subfield code="b">L302S</subfield>
  </datafield>
  <datafield tag="100" ind1="0" ind2="#">
   <subfield code="a">Nguyễn Cảnh Minh</subfield>
   <subfield code="e">Chủ biên</subfield>
  </datafield>
  <datafield tag="245" ind1="0" ind2="0">
   <subfield code="a">Lịch sử Việt Nam từ nguồn gốc đến thế kỷ X</subfield>
   <subfield code="b">Giáo trình CĐSP</subfield>
   <subfield code="c">Nguyễn Cảnh Minh, Đặng Đức Thi</subfield>
  </datafield>
  <datafield tag="260" ind1="#" ind2="#">
   <subfield code="a">H.</subfield>
   <subfield code="b">ĐHSP</subfield>
   <subfield code="c">2003</subfield>
  </datafield>
  <datafield tag="300" ind1="#" ind2="#">
   <subfield code="a">201 tr.</subfield>
   <subfield code="c">24 cm.</subfield>
  </datafield>
  <datafield tag="500" ind1="#" ind2="#">
   <subfield code="a">ĐBS: Bộ giáo dục và đào tạo; Dự án đào tạo giáo viên THCS</subfield>
  </datafield>
  <datafield tag="653" ind1="#" ind2="#">
   <subfield code="a">Lịch sử Việt Nam</subfield>
  </datafield>
  <datafield tag="653" ind1="#" ind2="#">
   <subfield code="a">Lịch sử trung đại</subfield>
  </datafield>
  <datafield tag="653" ind1="#" ind2="#">
   <subfield code="a">Lịch sử cổ đại</subfield>
  </datafield>
  <datafield tag="700" ind1="0" ind2="#">
   <subfield code="a">Đặng Đức Thi</subfield>
  </datafield>
  <datafield tag="852" ind1="#" ind2="#">
   <subfield code="b">Kho giáo trình</subfield>
   <subfield code="j">KGT.0026197, KGT.0026198, KGT.0026199, KGT.0026200, KGT.0026201, KGT.0026202, KGT.0026203, KGT.0026204, KGT.0026205, KGT.0026206, KGT.0026207, KGT.0026208, KGT.0026209, KGT.0026210, KGT.0026211, KGT.0026212, KGT.0026213, KGT.0026214, KGT.0026215, KGT.0026216, KGT.0026217, KGT.0026218, KGT.0026219, KGT.0026220, KGT.0026221, KGT.0026222, KGT.0026223, KGT.0026224, KGT.0026225, KGT.0026226, KGT.0026227, KGT.0026228, KGT.0026229, KGT.0026230, KGT.0026231, KGT.0026232, KGT.0026233, KGT.0026234</subfield>
  </datafield>
  <datafield tag="852" ind1="#" ind2="#">
   <subfield code="b">Kho mượn</subfield>
   <subfield code="j">KGT.0026197</subfield>
  </datafield>
  <datafield tag="852" ind1="#" ind2="#">
   <subfield code="j">KGT.0026198</subfield>
   <subfield code="j">KGT.0026199</subfield>
   <subfield code="j">KGT.0026200</subfield>
   <subfield code="j">KGT.0026201</subfield>
   <subfield code="j">KGT.0026205</subfield>
   <subfield code="j">KGT.0026206</subfield>
   <subfield code="j">KGT.0026208</subfield>
   <subfield code="j">KGT.0026209</subfield>
   <subfield code="j">KGT.0026211</subfield>
   <subfield code="j">KGT.0026214</subfield>
   <subfield code="j">KGT.0026216</subfield>
   <subfield code="j">KGT.0026217</subfield>
   <subfield code="j">KGT.0026219</subfield>
   <subfield code="j">KGT.0026223</subfield>
   <subfield code="j">KGT.0026224</subfield>
   <subfield code="j">KGT.0026226</subfield>
   <subfield code="j">KGT.0026227</subfield>
   <subfield code="j">KGT.0026229</subfield>
   <subfield code="j">KGT.0026230</subfield>
   <subfield code="j">KGT.0026234</subfield>
   <subfield code="j">KGT.0026202</subfield>
   <subfield code="j">KGT.0026212</subfield>
   <subfield code="j">KGT.0026213</subfield>
   <subfield code="j">KGT.0026221</subfield>
   <subfield code="j">KGT.0026231</subfield>
   <subfield code="j">KGT.0026232</subfield>
   <subfield code="j">KGT.0026197</subfield>
   <subfield code="j">KGT.0026203</subfield>
   <subfield code="j">KGT.0026204</subfield>
   <subfield code="j">KGT.0026207</subfield>
   <subfield code="j">KGT.0026210</subfield>
   <subfield code="j">KGT.0026215</subfield>
   <subfield code="j">KGT.0026218</subfield>
   <subfield code="j">KGT.0026220</subfield>
   <subfield code="j">KGT.0026222</subfield>
   <subfield code="j">KGT.0026225</subfield>
   <subfield code="j">KGT.0026233</subfield>
   <subfield code="j">KGT.0026228</subfield>
  </datafield>
  <datafield tag="910" ind1="0" ind2="#">
   <subfield code="d">10/08/2011</subfield>
  </datafield>
  <datafield tag="980" ind1="#" ind2="#">
   <subfield code="a">Trung tâm Học liệu Lê Vũ Hùng, Trường Đại học Đồng Tháp</subfield>
  </datafield>
 </record>
</collection>
